Las reformas en los siglos XIV y XV: introducción a los orígenes de la observancia en España

Na minha lista:
Detalhes bibliográficos
Formato: Livro
Idioma:espanhol
Publicado em: Madrid, España Colegio Sagrado Corazón 1958
Colecção:Publicaciones de Archivo Ibero-Americano
Assuntos:
Tags: Adicionar Tag
Sem tags, seja o primeiro a adicionar uma tag!

MARC

LEADER 00000nam a2200000 a 4500
001 UCO0914
003 CL-VaPUC
005 20210521001542.0
008 000428e19580000SP |||||||||||||||||spa|d
999 |c 287552  |d 287550 
040 |c Pontificia Universidad Católica de Valparaíso 
082 0 4 |a 946.02 REF 1958  |2 21 
245 1 4 |a Las reformas en los siglos XIV y XV:  |b  introducción a los orígenes de la observancia en España 
260 |a Madrid, España  |b Colegio Sagrado Corazón  |c 1958 
300 |a 956 páginas 
490 0 |a Publicaciones de Archivo Ibero-Americano 
583 |a last modification  |c 20000428 00:00:00  |k Rodrigo Vera 
650 0 |a Historia de España  |z ARAGON  |z CASTILLA  |9 315435 
650 7 |a REFORMAS RELIGIOSAS  |2 CL-VaPUC  |9 394053  |y SIGLOS 14-15  |z ESPAÑA 
852 |a BIBCUR 
942 |c BK  |2 ddc 
945 |d 20000428 00:00:00  |a rherrera 
952 |0 0  |1 0  |2 ddc  |4 0  |6 946_020000000000000_REF_1958  |7 0  |8 A  |9 334458  |a BIBHIS  |b BIBHIS  |d 2019-11-20  |i 1267981  |o 946.02 REF 1958  |p 1267981  |r 2025-01-20  |t 1  |w 2019-11-20  |y BK  |k HIS